Mujeres violentas y/o delincuentes: una visión desde la perspectiva biopsicosocial

Violence and/or delinquency in women have been masked to some extent by society. Thus, the main goal of this work is to deeply analyse the published works on these matters, in order to understand this phenomenon from a neurobiological perspective. Firstly, the theory of the cycle of violence as a fa...

Descripción completa

Guardado en:  
Detalles Bibliográficos
Autores principales: Moya-Albiol, Luis (Autor) ; Soldino, Virginia (Autor) ; Romero-Martínez, Ángel (Autor)
Tipo de documento: Electrónico Artículo
Lenguaje:Español
Publicado: 2015
En: Anales de psicología
Año: 2015
Acceso en línea: Volltext (kostenfrei)
Volltext (kostenfrei)
Verificar disponibilidad: HBZ Gateway

MARC

LEADER 00000caa a22000002c 4500
001 1865820911
003 DE-627
005 20250116054846.0
007 cr uuu---uuuuu
008 231017s2015 xx |||||o 00| ||spa c
024 7 |a 10.6018/analesps.32.1.182111  |2 doi 
035 |a (DE-627)1865820911 
035 |a (DE-599)KXP1865820911 
040 |a DE-627  |b ger  |c DE-627  |e rda 
041 |a spa 
084 |a 2,1  |2 ssgn 
100 1 |a Moya-Albiol, Luis  |e VerfasserIn  |4 aut 
245 1 0 |a Mujeres violentas y/o delincuentes: una visión desde la perspectiva biopsicosocial 
264 1 |c 2015 
336 |a Text  |b txt  |2 rdacontent 
337 |a Computermedien  |b c  |2 rdamedia 
338 |a Online-Ressource  |b cr  |2 rdacarrier 
520 |a Violence and/or delinquency in women have been masked to some extent by society. Thus, the main goal of this work is to deeply analyse the published works on these matters, in order to understand this phenomenon from a neurobiological perspective. Firstly, the theory of the cycle of violence as a facilitating mechanism of violence in women will be analysed, with a special emphasis on neuroanatomical correlates. Subsequently, the relation between drug consumption and violence in women will be explained. Finally, the main biological correlates known as facilitating mechanisms of violence in women will be exhaustively described. The main risk factors for the facilitation of violence and/or delinquency in women are mistreatment experiences during childhood and drug consumption. Furthermore, high levels of cortisol and testosterone and low levels of serotonin and oxytocin would be correlates of that violence. On the other hand, two types of aggressors have been described according to the response of the Autonomic Nervous System: the premeditated ones, who present a low reactivity, and the impulsive ones, who present a psychophysiological hyper-reactivity. As it is a complex and insufficiently studied issue, increasing the corpus of knowledge in this topic is necessary with the objective of developing effective programmes of treatment and/or prevention.La violencia y/o delincuencia en mujeres ha estado enmascarada en cierta medida por la sociedad. Por ello, el objetivo fundamental de este trabajo es analizar en profundidad los trabajos publicados al respecto, con el fin de comprender dicho fenómeno desde una perspectiva biopsicosocial. En primer lugar, se analizará el perfil psicológico de la mujer violenta, así como su ‘modus operandi’. En segundo lugar, nos centraremos en la teoría sobre el ciclo de la violencia en mujeres. Posteriormente, se expondrá la relación existente entre el consumo de drogas y la violencia en mujeres. Tras ello, se describirán los correlatos biológicos implicados en este tipo de violencia y, finalmente, se abordará la reincidencia y la prevención de estos comportamientos. Los principales factores de riesgo para la facilitación de la violencia y/o delincuencia en mujeres son las experiencias de maltrato durante la infancia y el consumo de drogas. Además, niveles altos de cortisol y testosterona y bajos de serotonina y oxitocina, subyacerían a dicha violencia. Al tratarse de un problema complejo y poco estudiado se hace necesario aumentar el cuerpo de conocimientos en dicha temática, con el objetivo de desarrollar programas de tratamiento y/o prevención efectivos. 
700 1 |a Soldino, Virginia  |e VerfasserIn  |4 aut 
700 1 |a Romero-Martínez, Ángel  |e VerfasserIn  |4 aut 
773 0 8 |i Enthalten in  |t Anales de psicología  |d Murcia : Universidad de Murcia, 1984  |g (2015)  |h Online-Ressource  |w (DE-627)338767096  |w (DE-600)2064601-X  |w (DE-576)281208999  |x 1695-2294  |7 nnas 
773 1 8 |g year:2015 
856 |u https://revistas.um.es/analesps/article/download/analesps.32.1.182111/187471  |x unpaywall  |z Vermutlich kostenfreier Zugang  |h publisher [deprecated] 
856 4 0 |u https://core.ac.uk/download/352681097.pdf  |x Verlag  |z kostenfrei  |3 Volltext  |7 0 
856 4 0 |u https://doi.org/10.6018/analesps.32.1.182111  |x Resolving-System  |z kostenfrei  |3 Volltext  |7 0 
935 |a mkri 
951 |a AR 
ELC |a 1 
LOK |0 000 xxxxxcx a22 zn 4500 
LOK |0 001 4390859315 
LOK |0 003 DE-627 
LOK |0 004 1865820911 
LOK |0 005 20231017043642 
LOK |0 008 231017||||||||||||||||ger||||||| 
LOK |0 035   |a (DE-2619)CORE26205989 
LOK |0 040   |a DE-2619  |c DE-627  |d DE-2619 
LOK |0 092   |o n 
LOK |0 852   |a DE-2619 
LOK |0 852 1  |9 00 
LOK |0 935   |a core 
LOK |0 939   |a 17-10-23  |b l01 
OAS |a 1 
ORI |a SA-MARC-krimdoka001.raw